Word Ladder: Jump In Quiz Stats

 Plays Quiz Updated Jul 3, 2017

Support Sporcle.
Go Orange.
Score 0/16 Timer 02:00
0 Plays Today
Clue 4-Letter Word % Correct
Like milk with no fatSKIM
90.5%
Flooring choiceTILE
85.4%
Had onWORE
85.3%
Slide on the highwaySKID
85.1%
A folder full of related papersFILE
84.8%
Part of a highwayLANE
84.2%
Ripped in the pastTORE
82%
Become smaller, like the moonWANE
80.5%
Clue 4-Letter Word % Correct
Opposite of sink•SWIM•
79.9%
V, to CaesarFIVE
79.2%
Spare, e.g.TIRE
79.1%
Get the plane onto the runwayLAND
78.6%
Pottery that you sellWARE
78.3%
Conveyed a messageSAID
74.9%
A seedy bar•DIVE•
72.4%
1993 song by JamesLAID
66.2%

Today's Daily Dose

Missing Word
AMC Shows

Word Ladder
Makeup

Get the Picture
Guitarists

You're not logged in!

Compare scores with friends on all Sporcle quizzes.
OR
Log In
Forgot?

From the Vault

Amazon.com International Websites

by neil537

We have to wonder what the shipping via drone laws are in all these countries.
Remove Ads.
Support Sporcle.
Get the best of Sporcle when you Go Orange. This ad-free experience offers more features, more stats, and more fun while also helping to support Sporcle. Thank you for becoming a member.

Show Comments

Extras

Top Quizzes Today


Score Distribution

Your Account Isn't Verified!

In order to create a playlist on Sporcle, you need to verify the email address you used during registration. Go to your Sporcle Settings to finish the process.

Report this User

Report this user for behavior that violates our Community Guidelines.

Details: